History Quiz

Random History or Poem Quiz

Rhyme to remember Monarchs of England since William I Quiz Stats

 Plays Quiz not verified by Sporcle

Score 0/73 Timer 06:00
0 Plays Today
Answer % Correct
...
100%
...
100%
...
100%
...
100%
...
100%
...
100%
...
100%
...
100%
...
100%
...
100%
...
100%
William
75.1%
William
75.1%
Henry
71.6%
the
69.3%
and
69.3%
the
69.3%
the
69.3%
and
69.3%
and
69.3%
and
69.3%
Edward
62.7%
One,
62.7%
Edward
62.7%
Edward
62.7%
Edward,
62.7%
Two,
60.9%
Two
60.9%
Mary,
60%
Mary,
60%
Three.
59.6%
Three,
59.6%
Five,
59.6%
Five,
59.6%
Five,
59.6%
George
59.6%
Four,
57.8%
Answer % Correct
Six
57.8%
Four
57.8%
Four
57.8%
John,
52.4%
Seven,
50.7%
o'
45.3%
Anne
44.4%
James
44%
James
44%
Liz
39.6%
Victoria
38.7%
Harry,
36.4%
Harry,
36.4%
Harry
36.4%
Dick,
34.7%
Dick
34.7%
Dick
34.7%
then
29.8%
Charlie,
29.8%
Charlie,
29.8%
Willie,
29.3%
Willie,
29.3%
Steve
29.3%
Bad
22.2%
again.
22.2%
Georges,
22.2%
Georgie
22.2%
lad.
20%
who?
19.1%
Ned,
19.1%
Lizzie,
18.2%
Gloria,
16.9%
twain
14.7%
(alive).
14.7%
Harrys
12.9%
Vain
12.4%

You're not logged in!

Compare scores with friends on all Sporcle quizzes.
OR
Log In

Show Comments

Extras

Top Quizzes Today


Score Distribution

Your Account Isn't Verified!

In order to create a playlist on Sporcle, you need to verify the email address you used during registration. Go to your Sporcle Settings to finish the process.

Report this User

Report this user for behavior that violates our Community Guidelines.

Details: